000
00299nam a22001097a 4500
008
230607b xxu||||| |||| 00| 0 eng d
082
_a
945.1
_b
COM
245
_a
The Commonwealth Relations Office List 1951
260
_a
London
_b
His Majesty's Stationery Office
_c
1951
300
_a
215p
942
_2
ddc
_c
BK
999
_c
822
_d
822